Problematika mezikulturních rozdílů v mezinárodním jednání a podnikání

Adaptácia marketinovej stratégie. Medzikultútrne odlišnosti podnikového manažmentu. Vplyv kultúrnych faktorov na obchodné rokovania so zahraničnými partnermi. Význam informovanosti o medzikultúrnych rozdielov pre české firmy.

Uložené v:
Podrobná bibliografia
Hlavný autor: Zamykalová, Miroslava
Ďalší autori: Gullová, Soňa, Müllerová, Františka
Médium: Kapitola
Jazyk:Czech
Predmet:
Tagy: Pridať tag
Žiadne tagy, Buďte prvý, kto otaguje tento záznam!

MARC

LEADER 00000naa$a2200000$$$4500
001 0035451
005 20231114082051.8
041 0 |a cze 
044 |a CZ 
245 1 0 |a Problematika mezikulturních rozdílů v mezinárodním jednání a podnikání  |c Miroslava Zamykalová, Soňa Gullová, Františka Müllerová 
520 |a Adaptácia marketinovej stratégie. Medzikultútrne odlišnosti podnikového manažmentu. Vplyv kultúrnych faktorov na obchodné rokovania so zahraničnými partnermi. Význam informovanosti o medzikultúrnych rozdielov pre české firmy. 
610 2 0 |a podnikanie medzinárodné 
610 2 0 |a zvyklosti kultúrne 
610 2 0 |a zvyklosti obchodné 
610 2 0 |a obchod zahraničný 
610 2 0 |a stratégia marketingová 
610 2 0 |a rokovania obchodné 
610 2 0 |a komunikácia multikultúrna 
610 2 0 |a manažment 
610 2 0 |a Česko 
610 2 0 |a firmy 
100 1 |a Zamykalová, Miroslava 
700 1 |a Gullová, Soňa 
700 1 |a Müllerová, Františka